Ten outstanding Filipino scientists / (Record no. 18963)
[ view plain ]
| 000 -LEADER | |
|---|---|
| fixed length control field | 01638cam a2200361 a 4500 |
| 001 - CONTROL NUMBER | |
| control field | 12365080 |
| 003 - CONTROL NUMBER IDENTIFIER | |
| control field | OSt |
| 005 - DATE AND TIME OF LATEST TRANSACTION | |
| control field | 20140310183123.0 |
| 008 - FIXED-LENGTH DATA ELEMENTS--GENERAL INFORMATION | |
| fixed length control field | 010113s2000 ph a b 000 0 eng |
| 010 ## - LIBRARY OF CONGRESS CONTROL NUMBER | |
| LC control number | 99504698 |
| 020 ## - INTERNATIONAL STANDARD BOOK NUMBER | |
| International Standard Book Number | 971271022X |
| 035 ## - SYSTEM CONTROL NUMBER | |
| System control number | (DLC) 99504698 |
| 037 ## - SOURCE OF ACQUISITION | |
| Source of stock number/acquisition | Library of Congress -- Jakarta Overseas Office |
| Terms of availability | P375.00 |
| 040 ## - CATALOGING SOURCE | |
| Original cataloging agency | DLC |
| Transcribing agency | DLC |
| Modifying agency | DLC |
| 042 ## - AUTHENTICATION CODE | |
| Authentication code | lcode |
| 043 ## - GEOGRAPHIC AREA CODE | |
| Geographic area code | a-ph--- |
| 050 00 - LIBRARY OF CONGRESS CALL NUMBER | |
| Classification number | Q 141 |
| Item number | .L483 2000 |
| 082 00 - DEWEY DECIMAL CLASSIFICATION NUMBER | |
| Classification number | FIL 509.2 |
| Item number | Lee51 2000 |
| 100 1# - MAIN ENTRY--PERSONAL NAME | |
| Personal name | Lee, Queena N. |
| 245 10 - TITLE STATEMENT | |
| Title | Ten outstanding Filipino scientists / |
| Remainder of title | Lee-Chua, Queena N. |
| 246 3# - VARYING FORM OF TITLE | |
| Title proper/short title | 10 outstanding Filipino scientists |
| 260 ## - PUBLICATION, DISTRIBUTION, ETC. (IMPRINT) | |
| Place of publication, distribution, etc | Barrio Ugong, Philippines: |
| Name of publisher, distributor, etc | Published and exclusively distributed by Anvil Pub. |
| Date of publication, distribution, etc | c2000. |
| 300 ## - PHYSICAL DESCRIPTION | |
| Extent | 256 p. |
| Other physical details | ill. |
| Dimensions | 26 cm. |
| 504 ## - BIBLIOGRAPHY, ETC. NOTE | |
| Bibliography, etc | Includes bibliographical references. |
| 505 0# - FORMATTED CONTENTS NOTE | |
| Formatted contents note | Ramon Cabanos Barba, mango hero -- Josefino Cacas Comiso, space-based antarctic explorer -- Jose Bejar Cruz, Jr., electrical engineer extraordinaire -- Lourdes Jansuy Cruz, sea snail venom specialist -- Fabian Millar Dayrit, herbal medicine investigator -- Rafael Dineros Guerrero III, Tilapia sex engineer -- Enrique Mapua Ostrea, Jr., drug buster -- Lilian Formalejo Pateña, plant biotechnology whiz -- Mari-Jo Panganiban Ruiz, outstanding educator and graph theorist -- Gregory Ligot Tangonan, communications innovator. |
| 521 ## - TARGET AUDIENCE NOTE | |
| Target audience note | |
| 541 ## - IMMEDIATE SOURCE OF ACQUISITION NOTE | |
| -- | 1 |
| 562 ## - COPY AND VERSION IDENTIFICATION NOTE | |
| Number of copies | 1 |
| 650 #0 - SUBJECT ADDED ENTRY--TOPICAL TERM | |
| Topical term or geographic name as entry element | Scientists |
| Geographic subdivision | Philippines |
| Form subdivision | Biography. |
| 906 ## - LOCAL DATA ELEMENT F, LDF (RLIN) | |
| a | 7 |
| b | cbc |
| c | origode |
| d | 3 |
| e | ncip |
| f | 19 |
| g | y-gencatlg |
| 942 ## - ADDED ENTRY ELEMENTS (KOHA) | |
| Source of classification or shelving scheme | Library of Congress Classification |
| Koha item type | Books |
| Call number prefix | Filipininana |
| Withdrawn status | Lost status | Source of classification or shelving scheme | Damaged status | Home library | Current library | Shelving location | Date acquired | Total Checkouts | Full call number | Barcode | Date last seen | Copy number | Price effective from | Koha item type |
|---|---|---|---|---|---|---|---|---|---|---|---|---|---|---|
| Library of Congress Classification | College Library | College Library | Filipiniana Section | 05/16/2013 | Q 141 .C559 2000 | c14989 | 05/08/2018 | 2 | 05/16/2013 | Books |